Countries Coldplay has Visited - Statistics

General Stats
  • This quiz has been taken 135 times
    59 since last reset
  • The average score is 33 of 46
Answer Stats
Continent Country % Correct
Europe Germany
91%
Oceania Australia
89%
North America Canada
89%
Europe Sweden
89%
North America United States of America
89%
South America Brazil
86%
Asia China
86%
North America Mexico
86%
Europe United Kingdom
86%
Europe Finland
84%
Europe France
84%
Asia Japan
84%
Europe Norway
84%
Europe Spain
84%
South America Argentina
82%
South America Chile
82%
Europe Ireland
80%
Europe Poland
80%
Europe Portugal
80%
Asia India
77%
Europe Italy
77%
Asia South Korea
77%
Europe Denmark
75%
Oceania New Zealand
75%
Europe Greece
73%
Europe Austria
70%
Asia Thailand
70%
Europe Belgium
68%
South America Colombia
68%
Asia Indonesia
68%
South America Peru
68%
Europe the Netherlands
68%
Europe Czech Republic
64%
Africa South Africa
64%
Europe Switzerland
64%
Asia Singapore
61%
Asia Taiwan
61%
Europe Iceland
59%
Europe Romania
59%
Asia the Philippines
59%
Asia Malaysia
55%
Europe Hungary
52%
North America Costa Rica
45%
Asia United Arab Emirates
45%
North America Dominican Republic
43%
Asia Jordan
34%
No matching quizzes found
Score Distribution
Percent of People with Each Score
Percentile by Number Answered
Your Score History
You have not taken this quiz since the last reset